000 00344nam a2200121Ia 4500
008 220615s9999||||xx |||||||||||||| ||und||
245 0 _aAbdominal Surgery
546 _aEnglish[eng]
650 _aGeneral surgery
700 _aDerbel, Fethi
856 _uhttps://mts.intechopen.com/storage/books/2649/authors_book/authors_book.pdf
942 _cEB
999 _c16094
_d16094